00722nam a2200193 i 450000100060000000300090000600700030001500800410001802000180005908000320007710000340010924501500014326000510029330000300034460000500037465500400042471000320046485200320049616932ES-MaACLt|001123s1987 sp ||||1| spa d a84-398-9113-X a75 Vicente, Esteban (064.3)0 aVicente, Esteban, d1903-200110aEsteban Vicente b: pinturas y collages 1925-1985 : Madrid, 24 de abril al 15 de junio de 1987, Banco Exterior de España, Sala de Exposiciones. aMadrid : bFundación Banco Exterior, c1987. a184 p. : bil. ; c28 cm.04aVicente, Esteban, d1903-2001- vExposiciones 72tgfbneaCatálogos de exposiciones2 aFundación Banco Exterior. aES-MaACLjG-3004 bR.123377